State Symbols of Nebraska - Statistics

General Stats
  • This quiz has been taken 6 times
  • The average score is 6 of 24
Answer Stats
Picture Answer % Correct
Goldenrod
83%
Honeybee
67%
Kool-Aid
67%
Mammoth
67%
Milk
67%
Western Meadowlark
67%
Channel Catfish
50%
Cornhusker State
50%
Equality Before the Law
33%
Blue Agate
17%
Cottonwood
17%
Prairie Agate
17%
White Tailed Deer
17%
"A Place Like Nebraska"
0%
"Beautiful Nebraska"
0%
Cody (VoL)
0%
Holdrege Series
0%
Little Bluestem
0%
North Platte
0%
Square Dance
0%
St. Paul (Historic)
0%
Wakefield (current)
0%
"Welcome to NEBRASKAland where the West begins"
0%
William Kloefkorn
0%
No matching quizzes found
Score Distribution
Percent of People with Each Score
Percentile by Number Answered
Your Score History
You have not taken this quiz